000 00460nam a22001817a 4500
003 NUST - PNEC
005 20170116180836.0
008 150808b xxu||||| |||| 00| 0 eng d
020 _a8129702096
040 _cLIBRARY
082 _a620.3 THO
100 _97499
_aThomson, William T.
245 _aTheory of vibration with applications
_cWilliam T. Thomson
250 _a3rd ed.
260 _cc.1988
650 _94978
_a Vibration
_xME
942 _2ddc
_cBK
999 _c64213
_d64213